| 000 | 00826cab a2200229 4500 | ||
|---|---|---|---|
| 001 | ABS37283 | ||
| 008 | 090401t xxu||||| |||| 00| 0 eng d | ||
| 035 | _a(Sirsi) u3493 | ||
| 041 | _aeng | ||
| 245 | _aDrainage and sewerage | ||
| 260 | _cSupplement 30 January 1987(44) Loan | ||
| 350 | _a0 | ||
| 490 |
_aBuilding _vSupplement 30 January 1987(44) Loan |
||
| 520 | _aA drainage and sewerage feature which includes information on the design and installation of drains, how the building regulations and British Standards relate to the design of drainage systems, the use of plastic drainage systems and a review of products . | ||
| 650 | _aBS 8301 | ||
| 650 | _aSANITATION | ||
| 650 | _aSEWERS | ||
| 650 | _aUNDERGROUND DRAINAGE | ||
| 690 | _aBUILT ENVIRONMENT-CONSTRUCTION DESIGN | ||
| 942 | _n0 | ||
| 948 | _c04/03/1997 | ||
| 999 |
_c2148 _d2148 |
||